[Event "XXVI Torneo Abierto de Collado"]
[Site "Collado Villalba"]
[Date "2010.08.24"]
[Round "5"]
[White "Elissalt Cardenas, Hector"]
[Black "Cerrato Torrijos, Maria"]
[Result "1-0"]
[WhiteElo "2357"]
[BlackElo "2064"]
[PlyCount "53"]
[EventDate "2010.08.20"]
[EventRounds "9"]
[EventCountry "ESP"]

1. d4 Nf6 2. c4 e6 3. Nc3 Bb4 4. a3 Bxc3+ 5. bxc3 O-O 6. e3 c5 7. Bd3 d5 8. Ne2
Nc6 9. cxd5 exd5 10. f3 Re8 11. O-O h6 12. Rb1 Qa5 13. Rb5 Qc7 14. Rxc5 a6 15.
c4 b6 16. Rxd5 Nxd5 17. cxd5 Na5 18. e4 Bb7 19. Bf4 Qd7 20. Qe1 Qa4 21. Qb4
Qxb4 22. axb4 Nb3 23. Rb1 Bxd5 24. exd5 g5 25. Bc7 Nd2 26. Rb2 Rac8 27. d6 1-0

[Event "XXVI Torneo Abierto de Collado"]
[Site "Collado Villalba"]
[Date "2010.08.24"]
[Round "5"]
[White "Lobato Lavin, Alvaro"]
[Black "Longa Yauca, Javier"]
[Result "0-1"]
[WhiteElo "2044"]
[BlackElo "2285"]
[PlyCount "70"]
[EventDate "2010.08.20"]
[EventRounds "9"]
[EventCountry "ESP"]

1. e4 Nf6 2. Nc3 d5 3. exd5 Nxd5 4. d4 c6 5. Nf3 Bg4 6. Be2 e6 7. O-O Nxc3 8.
bxc3 Nd7 9. Bf4 Bxf3 10. Bxf3 Nb6 11. Qd3 Bd6 12. Bxd6 Qxd6 13. c4 c5 14. Bxb7
Rb8 15. dxc5 Qxc5 16. Ba6 O-O 17. Rfd1 g6 18. Qc3 Na4 19. Qf6 Qb6 20. Bb5 Nc5
21. h4 a6 22. h5 Ne4 23. Qf3 Qxf2+ 24. Qxf2 Nxf2 25. Kxf2 axb5 26. cxb5 Rxb5
27. h6 Rc8 28. c4 Rb2+ 29. Kf3 Kf8 30. Rdc1 Rd8 31. a4 Rd3+ 32. Ke4 Rbd2 33. a5
Ke7 34. a6 f5+ 35. Kf4 Kf6 0-1

[Event "XXVI Torneo Abierto de Collado"]
[Site "Collado Villalba"]
[Date "2010.08.24"]
[Round "5"]
[White "Tudela Corbalan, Carlos"]
[Black "Pena Aumar, Nicolas"]
[Result "1-0"]
[WhiteElo "2209"]
[BlackElo "2083"]
[PlyCount "53"]
[EventDate "2010.08.20"]
[EventRounds "9"]
[EventCountry "ESP"]

1. e4 e5 2. f4 Bc5 3. Nf3 d6 4. c3 Nf6 5. d4 exd4 6. cxd4 Bb6 7. Nc3 O-O 8. Be2
d5 9. e5 Ne4 10. Be3 Nc6 11. O-O Be6 12. Na4 Ne7 13. Kh1 Bg4 14. Qe1 f5 15. h3
Bh5 16. Rg1 Be8 17. Nxb6 axb6 18. a3 Kh8 19. Kh2 c5 20. Bd3 h6 21. g4 Ng6 22.
Qe2 Nh4 23. Nxh4 Qxh4 24. gxf5 cxd4 25. Qg2 Rg8 26. f6 dxe3 27. fxg7+ 1-0

[Event "XXVI Torneo Abierto de Collado"]
[Site "Collado Villalba"]
[Date "2010.08.25"]
[Round "6"]
[White "Iturrizaga, Eduardo"]
[Black "Moreno Ruiz, Javier"]
[Result "1/2-1/2"]
[WhiteElo "2614"]
[BlackElo "2494"]
[PlyCount "49"]
[EventDate "2010.08.20"]
[EventRounds "9"]
[EventCountry "ESP"]

1. d4 Nf6 2. c4 e6 3. g3 Bb4+ 4. Bd2 Qe7 5. Nf3 Nc6 6. Nc3 Bxc3 7. Bxc3 Ne4 8.
Rc1 O-O 9. Bg2 d6 10. d5 Nxc3 11. Rxc3 Nb8 12. dxe6 fxe6 13. Nd4 c6 14. O-O Nd7
15. Qd2 Nf6 16. b4 e5 17. Nc2 Be6 18. e4 a5 19. a3 axb4 20. axb4 Ra2 21. Rd1
Rd8 22. f4 Rd7 23. Qc1 h6 24. Qb1 Ra4 25. Rd2 1/2-1/2

[Event "XXVI Torneo Abierto de Collado"]
[Site "Collado Villalba"]
[Date "2010.08.25"]
[Round "6"]
[White "Vazquez Igarza, Renier"]
[Black "Gomez Ledo, Roberto Carlos"]
[Result "1/2-1/2"]
[WhiteElo "2527"]
[BlackElo "2445"]
[PlyCount "60"]
[EventDate "2010.08.20"]
[EventRounds "9"]
[EventCountry "ESP"]

1. d4 e6 2. c4 f5 3. g3 Nf6 4. Bg2 Be7 5. Nf3 d6 6. O-O O-O 7. b3 Ne4 8. Qc2
Bf6 9. Bb2 Nc6 10. Rd1 Qe8 11. Nc3 Nxc3 12. Bxc3 e5 13. dxe5 dxe5 14. Qb2 e4
15. Nd4 Nxd4 16. Bxd4 Bd7 17. e3 Qe7 18. Qc3 c5 19. Bxf6 Rxf6 20. a3 Bc6 21. b4
b6 22. bxc5 Qxc5 23. Rd4 Rd6 24. Rad1 Rad8 25. Bf1 Be8 26. Be2 Bf7 27. h4 h6
28. Qb2 Kh8 29. Kf1 Kg8 30. Qc3 Kh8 1/2-1/2

[Event "XXVI Torneo Abierto de Collado"]
[Site "Collado Villalba"]
[Date "2010.08.25"]
[Round "6"]
[White "Kovacevic, Slobodan"]
[Black "Gomez Garrido, Camilo"]
[Result "0-1"]
[WhiteElo "2392"]
[BlackElo "2499"]
[PlyCount "54"]
[EventDate "2010.08.20"]
[EventRounds "9"]
[EventCountry "ESP"]

1. d4 Nf6 2. Nf3 e6 3. Bf4 c5 4. e3 Nc6 5. c3 Nh5 6. Bg5 Qb6 7. Qc2 h6 8. Bh4
g5 9. Bg3 Nxg3 10. hxg3 Bg7 11. Nbd2 d5 12. Nb3 c4 13. Nc1 Bd7 14. b3 cxb3 15.
axb3 Rc8 16. Nd3 g4 17. Ng1 e5 18. Nc5 exd4 19. Nxd7 Kxd7 20. Qf5+ Ke7 21. Qxd5
dxe3 22. Bc4 exf2+ 23. Kf1 fxg1=Q+ 24. Rxg1 Ne5 25. Re1 Qf6+ 26. Ke2 Qc6 27.
Qd4 Rhd8 0-1

[Event "XXVI Torneo Abierto de Collado"]
[Site "Collado Villalba"]
[Date "2010.08.25"]
[Round "6"]
[White "Starostits, Ilmars"]
[Black "Elissalt Cardenas, Hector"]
[Result "1-0"]
[WhiteElo "2486"]
[BlackElo "2357"]
[PlyCount "73"]
[EventDate "2010.08.20"]
[EventRounds "9"]
[EventCountry "ESP"]

1. e4 c5 2. Nf3 Nc6 3. Bb5 g6 4. O-O Bg7 5. Bxc6 dxc6 6. h3 Nf6 7. d3 Nd7 8.
Nbd2 Nf8 9. e5 Ne6 10. a4 b6 11. a5 Ba6 12. Re1 O-O 13. b3 Qd5 14. Bb2 Rfd8 15.
Ra4 b5 16. Rh4 Rab8 17. Qc1 Bc8 18. Nf1 Qd7 19. Ng5 Nxg5 20. Qxg5 Qe8 21. Qe3
Rd5 22. Ng3 Qd8 23. Ra1 a6 24. Ne4 c4 25. Nc5 cxd3 26. cxd3 b4 27. Rc4 Rb5 28.
d4 h5 29. Ra4 Kh7 30. Raxb4 Bh6 31. Qf3 Kg7 32. Bc3 Rxa5 33. Rb8 Rb5 34. Nxa6
Qd7 35. e6 fxe6 36. Nc5 Qe8 37. Nxe6+ 1-0

[Event "XXVI Torneo Abierto de Collado"]
[Site "Collado Villalba"]
[Date "2010.08.25"]
[Round "6"]
[White "Madina Yadarola, Martin"]
[Black "Guerra Mendez, Jose Angel"]
[Result "0-1"]
[WhiteElo "2226"]
[BlackElo "2480"]
[PlyCount "56"]
[EventDate "2010.08.20"]
[EventRounds "9"]
[EventCountry "ESP"]

1. e4 c5 2. Nf3 d6 3. d4 cxd4 4. Nxd4 Nf6 5. Nc3 a6 6. Bc4 e6 7. Bb3 Nbd7 8.
O-O Nc5 9. f4 Nfxe4 10. Nxe4 Nxe4 11. Be3 d5 12. f5 Bc5 13. fxe6 Bxe6 14. Kh1
O-O 15. c4 Bxd4 16. Qxd4 dxc4 17. Qxe4 cxb3 18. axb3 Bd5 19. Qb4 Re8 20. Bb6
Qg5 21. Rf2 Re4 22. Qc3 Rae8 23. Raf1 Rg4 24. Re1 Rxe1+ 25. Qxe1 h5 26. Qe8+
Kh7 27. Qe2 Qc1+ 28. Rf1 Qc6 0-1

[Event "XXVI Torneo Abierto de Collado"]
[Site "Collado Villalba"]
[Date "2010.08.25"]
[Round "6"]
[White "Roa Alonso, Santiago"]
[Black "Ramirez Garcia, Jorge Alberto"]
[Result "1-0"]
[WhiteElo "2454"]
[BlackElo "2241"]
[PlyCount "77"]
[EventDate "2010.08.20"]
[EventRounds "9"]
[EventCountry "ESP"]

1. d4 d5 2. c4 e6 3. Nf3 Nf6 4. Nc3 c6 5. e3 Nbd7 6. Bd3 dxc4 7. Bxc4 b5 8. Bd3
b4 9. Ne4 Nxe4 10. Bxe4 Bb7 11. Qc2 Rc8 12. O-O Bd6 13. a3 f5 14. Bd3 c5 15.
Qe2 c4 16. Bb1 bxa3 17. e4 axb2 18. Bxb2 c3 19. Ba3 Bxa3 20. Rxa3 Bxe4 21. Bxe4
fxe4 22. Qxe4 Qb6 23. Rc1 Nf6 24. Qe5 c2 25. Ra2 Qb3 26. Rxa7 O-O 27. Ng5 Rc6
28. h3 Qb2 29. Qe3 e5 30. dxe5 Nd5 31. Qd2 Nf4 32. Rxg7+ Kxg7 33. Qd7+ Kg6 34.
Qxc6+ Kxg5 35. h4+ Kg4 36. Qd7+ Rf5 37. Kh2 Qxc1 38. f3+ Kxh4 39. Qxf5 1-0

[Event "XXVI Torneo Abierto de Collado"]
[Site "Collado Villalba"]
[Date "2010.08.25"]
[Round "6"]
[White "Samolins, Vitalijs"]
[Black "Tudela Corbalan, Carlos"]
[Result "1-0"]
[WhiteElo "2408"]
[BlackElo "2209"]
[PlyCount "49"]
[EventDate "2010.08.20"]
[EventRounds "9"]
[EventCountry "ESP"]

1. e4 d6 2. d4 g6 3. Nc3 Bg7 4. Be3 a6 5. a4 Nd7 6. Nge2 b6 7. g4 Bb7 8. Bg2 e6
9. Qd2 h6 10. O-O Ne7 11. f4 f5 12. d5 exd5 13. exf5 gxf5 14. Bd4 Rg8 15. Rae1
Kf7 16. Bxg7 Rxg7 17. Nxd5 Rxg4 18. Ng3 Ng6 19. Qe2 Nc5 20. Nxf5 Rxg2+ 21. Qxg2
Qh8 22. Re3 Rg8 23. Rg3 Ne6 24. Nxh6+ Qxh6 25. f5 1-0

[Event "XXVI Torneo Abierto de Collado"]
[Site "Collado Villalba"]
[Date "2010.08.25"]
[Round "6"]
[White "Longa Yauca, Javier"]
[Black "Cardenas Serrano, Sergio"]
[Result "1-0"]
[WhiteElo "2285"]
[BlackElo "2136"]
[PlyCount "55"]
[EventDate "2010.08.20"]
[EventRounds "9"]
[EventCountry "ESP"]

1. d4 Nf6 2. Nf3 g6 3. c4 Bg7 4. Nc3 O-O 5. e4 d6 6. h3 e5 7. d5 Na6 8. Bg5 Qe8
9. g4 Nd7 10. Rg1 Kh8 11. Qd2 Ndc5 12. Nh4 f6 13. Be3 Qe7 14. Be2 Nb4 15. f3 f5
16. g5 a5 17. Bxc5 dxc5 18. a3 Na6 19. O-O-O Rd8 20. exf5 gxf5 21. Bd3 Rf8 22.
Qc2 Qd7 23. Ne2 e4 24. fxe4 f4 25. Nf5 Be5 26. g6 Rg8 27. g7+ Bxg7 28. Rxg7 1-0

[Event "XXVI Torneo Abierto de Collado"]
[Site "Collado Villalba"]
[Date "2010.08.25"]
[Round "6"]
[White "Solaesa Navalpotro, Luis Julio"]
[Black "Lorite Cruz, Francisco"]
[Result "1-0"]
[WhiteElo "2227"]
[BlackElo "2127"]
[PlyCount "81"]
[EventDate "2010.08.20"]
[EventRounds "9"]
[EventCountry "ESP"]

1. d4 Nf6 2. Nf3 g6 3. c4 Bg7 4. Nc3 d5 5. Bg5 Ne4 6. Bh4 Nxc3 7. bxc3 c5 8.
cxd5 Qxd5 9. e3 cxd4 10. cxd4 Nc6 11. Bg3 O-O 12. Be2 Bf5 13. O-O Rac8 14. Qa4
Qa5 15. Qb3 Be4 16. Rfc1 Qd8 17. Rc5 b6 18. Rcc1 Na5 19. Qa3 Qd7 20. Ne5 Bxe5
21. Bxe5 Bd5 22. Bg3 e6 23. h3 Qb7 24. f3 Rxc1+ 25. Rxc1 Rc8 26. Rxc8+ Qxc8 27.
e4 Bb7 28. Bh4 Qc2 29. Qe7 Qc1+ 30. Kh2 Qh6 31. d5 exd5 32. exd5 Qf8 33. Qd7
Bc8 34. Qxa7 Qd6+ 35. Bg3 Qxd5 36. Qxb6 Nc6 37. a4 Be6 38. Bb5 Nd4 39. Qb8+ Kg7
40. Be5+ f6 41. Qa7+ 1-0

[Event "XXVI Torneo Abierto de Collado"]
[Site "Collado Villalba"]
[Date "2010.08.25"]
[Round "6"]
[White "Perez Gonzalez, Jose Manuel"]
[Black "Garcia Salamero, Gabriel"]
[Result "1-0"]
[WhiteElo "2324"]
[BlackElo "2157"]
[PlyCount "33"]
[EventDate "2010.08.20"]
[EventRounds "9"]
[EventCountry "ESP"]

1. e4 e5 2. Bc4 Nf6 3. d4 exd4 4. Nf3 Nc6 5. e5 d5 6. Bb5 Bb4+ 7. c3 dxc3 8.
bxc3 O-O 9. cxb4 Bg4 10. Bxc6 Bxf3 11. Qxf3 Qe7 12. Qe2 Ne4 13. Bxd5 Qxe5 14.
Bxe4 Qxa1 15. O-O Rae8 16. Qc2 Qf6 17. Bxb7 1-0

[Event "XXVI Torneo Abierto de Collado"]
[Site "Collado Villalba"]
[Date "2010.08.25"]
[Round "6"]
[White "Ponce Lopez, Miguel"]
[Black "Valles Moreno, Ivan"]
[Result "0-1"]
[WhiteElo "2106"]
[BlackElo "2394"]
[PlyCount "82"]
[EventDate "2010.08.20"]
[EventRounds "9"]
[EventCountry "ESP"]

1. e4 c5 2. Nf3 Nc6 3. g3 e6 4. Bg2 Nf6 5. d3 d5 6. exd5 exd5 7. O-O Be7 8. d4
O-O 9. Nc3 Bg4 10. Be3 Qc8 11. Qd2 Ne4 12. Nxe4 dxe4 13. Ne5 Nxe5 14. dxe5 Rd8
15. Qc3 Qf5 16. Rae1 Bf3 17. Bc1 g5 18. b3 Rd4 19. Qe3 Rad8 20. h3 h5 21. Kh2
Kh7 22. Rg1 Kg8 23. Bf1 g4 24. Bc4 Qxe5 25. Bd3 R8d6 26. Bc4 Rg6 27. Qf4 Qxf4
28. Bxf4 Bg5 29. c3 Rd8 30. Bc7 Rd2 31. Rgf1 Rf6 32. Bb8 a6 33. h4 Bh6 34. Ba7
b5 35. Bxc5 bxc4 36. Bd4 Rxd4 37. cxd4 c3 38. a3 Rd6 39. Rd1 c2 40. Rc1 Bxc1
41. Rxc1 Rxd4 0-1

[Event "XXVI Torneo Abierto de Collado"]
[Site "Collado Villalba"]
[Date "2010.08.25"]
[Round "6"]
[White "Sanchez Gonzalez, Sergio"]
[Black "Lopez De Turiso, Jose Angel"]
[Result "1-0"]
[WhiteElo "2311"]
[BlackElo "2101"]
[PlyCount "47"]
[EventDate "2010.08.20"]
[EventRounds "9"]
[EventCountry "ESP"]

1. Nc3 g6 2. e4 Bg7 3. d4 d6 4. Be3 Nd7 5. Qd2 e5 6. Nge2 Ne7 7. Bh6 Bxh6 8.
Qxh6 Nc6 9. O-O-O Nxd4 10. Nxd4 exd4 11. Rxd4 Qf6 12. Rd2 c6 13. e5 dxe5 14.
Ne4 Qf4 15. Nd6+ Ke7 16. Qg7 Rf8 17. Bc4 Nb6 18. Bxf7 Rxf7 19. Nxf7 Qxf7 20.
Qxe5+ Be6 21. Re1 Nd7 22. Qd6+ Kf6 23. Rd3 Qg8 24. Rxe6+ 1-0

[Event "XXVI Torneo Abierto de Collado"]
[Site "Collado Villalba"]
[Date "2010.08.25"]
[Round "6"]
[White "Arbunic Castro, Giovanna"]
[Black "Sanchez Jerez, Emilio Miguel"]
[Result "0-1"]
[WhiteElo "2081"]
[BlackElo "2301"]
[PlyCount "60"]
[EventDate "2010.08.20"]
[EventRounds "9"]
[EventCountry "ESP"]

1. e4 c5 2. Nf3 Nc6 3. d4 cxd4 4. Nxd4 Nf6 5. Nc3 e5 6. Ndb5 d6 7. Bg5 a6 8.
Bxf6 gxf6 9. Na3 f5 10. Qh5 b5 11. O-O-O b4 12. Bc4 Ra7 13. Nab5 axb5 14. Nxb5
Rb7 15. exf5 Qf6 16. Qf3 Bd7 17. Bd5 Rb6 18. Nc7+ Kd8 19. Na8 Ra6 20. g4 Kc8
21. c3 bxc3 22. Qxc3 Kb7 23. b4 Bh6+ 24. Kb1 Rhxa8 25. b5 Rb6 26. Qc4 Ra5 27.
a4 Kb8 28. h4 Nd4 29. g5 Qxf5+ 30. Kb2 Bxb5 0-1

[Event "XXVI Torneo Abierto de Collado"]
[Site "Collado Villalba"]
[Date "2010.08.25"]
[Round "6"]
[White "Vega Gomez, Francisco B"]
[Black "Cerrato Torrijos, Maria"]
[Result "1-0"]
[WhiteElo "2229"]
[BlackElo "2064"]
[PlyCount "87"]
[EventDate "2010.08.20"]
[EventRounds "9"]
[EventCountry "ESP"]

1. Nf3 Nf6 2. d4 e6 3. c4 c5 4. g3 cxd4 5. Nxd4 Nc6 6. Bg2 Bc5 7. Nb3 Be7 8.
Nc3 O-O 9. O-O a6 10. c5 d6 11. Na4 d5 12. Nb6 Rb8 13. Bf4 e5 14. Bg5 d4 15.
Nxc8 Rxc8 16. e3 Nd7 17. Bxe7 Qxe7 18. exd4 exd4 19. Rc1 Rfd8 20. Re1 Qf6 21.
Re2 Nf8 22. Rd2 Ne6 23. Qf3 Qg5 24. h4 Qh6 25. Rcd1 Rc7 26. Qf5 g6 27. Qe4 Qf8
28. Rc1 Qg7 29. a3 Qf6 30. Qf3 Qg7 31. Qe2 Qf6 32. Rcd1 Ne5 33. f4 Nc6 34. Qc4
Ne7 35. Nxd4 Nxc5 36. b4 Nf5 37. Nxf5 Rxd2 38. Rxd2 Ne6 39. Nh6+ Kg7 40. Qe4
Kxh6 41. Rd5 Rc3 42. f5 gxf5 43. Rxf5 Qe7 44. Qe5 1-0

[Event "XXVI Torneo Abierto de Collado"]
[Site "Collado Villalba"]
[Date "2010.08.25"]
[Round "6"]
[White "Estrada Martinez, Cesar"]
[Black "Erice Alonso, Santiago"]
[Result "1-0"]
[WhiteElo "2218"]
[BlackElo "2060"]
[PlyCount "53"]
[EventDate "2010.08.20"]
[EventRounds "9"]
[EventCountry "ESP"]

1. c4 c6 2. d4 d5 3. Nf3 Nf6 4. Nc3 dxc4 5. a4 Bf5 6. e3 e6 7. Bxc4 Bb4 8. O-O
Nbd7 9. h3 a5 10. Nh4 Bg6 11. Nxg6 hxg6 12. Qe2 Qb6 13. Rd1 O-O-O 14. Na2 Be7
15. Bd2 Ne4 16. Be1 Rh5 17. b4 axb4 18. Rab1 Rdh8 19. Nxb4 Ng5 20. Nd5 exd5 21.
Rxb6 Nxb6 22. Bd3 Nxh3+ 23. gxh3 Rxh3 24. Qb2 Rh1+ 25. Kg2 Nxa4 26. Qb3 b5 27.
Rc1 1-0

[Event "XXVI Torneo Abierto de Collado"]
[Site "Collado Villalba"]
[Date "2010.08.25"]
[Round "6"]
[White "Pastor Alonso De Prado, Emilio"]
[Black "Lobato Lavin, Alvaro"]
[Result "1-0"]
[WhiteElo "2195"]
[BlackElo "2044"]
[PlyCount "59"]
[EventDate "2010.08.20"]
[EventRounds "9"]
[EventCountry "ESP"]

1. e4 c5 2. c3 d6 3. d4 Nf6 4. Bd3 g6 5. Nf3 Bg7 6. O-O O-O 7. h3 cxd4 8. cxd4
Nc6 9. Nc3 Nd7 10. Be3 e5 11. Nb5 a6 12. Nxd6 exd4 13. Bg5 Qc7 14. Bf4 Nde5 15.
Nc4 Qe7 16. Nb6 Be6 17. Nxe5 Nxe5 18. Nxa8 Rxa8 19. b3 g5 20. Bxe5 Bxe5 21. Rc1
Qd7 22. Qh5 Bf4 23. Rc2 Kh8 24. g3 Bxh3 25. gxf4 Bg4 26. Qh6 Bf3 27. Qf6+ Kg8
28. Qxg5+ Kh8 29. Qf6+ Kg8 30. Kh2 1-0

[Event "XXVI Torneo Abierto de Collado"]
[Site "Collado Villalba"]
[Date "2010.08.25"]
[Round "6"]
[White "Semprun Martinez, Fernando"]
[Black "Ontanon Gomez, Pablo"]
[Result "1-0"]
[WhiteElo "2159"]
[BlackElo "2002"]
[PlyCount "47"]
[EventDate "2010.08.20"]
[EventRounds "9"]
[EventCountry "ESP"]

1. e4 c5 2. Nf3 Nc6 3. d4 cxd4 4. Nxd4 Nf6 5. Nc3 g6 6. Nxc6 bxc6 7. e5 Ng8 8.
Bc4 Qa5 9. Qe2 Bg7 10. f4 d5 11. Bd3 d4 12. Qe4 dxc3 13. Qxc6+ Kd8 14. b4 Qxb4
15. Qxa8 Qb6 16. Qd5+ Kc7 17. Qxf7 Bb7 18. Qxg7 Bxg2 19. Qxh8 Bxh1 20. Qxg8
Qg1+ 21. Bf1 Qxh2 22. Qc4+ Bc6 23. Be3 Qxc2 24. Rc1 1-0

[Event "XXVI Torneo Abierto de Collado"]
[Site "Collado Villalba"]
[Date "2010.08.25"]
[Round "6"]
[White "Lopez Heras, Arturo"]
[Black "Labarta Gonzalez, Ivan B"]
[Result "0-1"]
[WhiteElo "2024"]
[BlackElo "2129"]
[PlyCount "62"]
[EventDate "2010.08.20"]
[EventRounds "9"]
[EventCountry "ESP"]

1. e4 d5 2. e5 c5 3. c3 Nc6 4. d4 Bf5 5. Nf3 e6 6. Be2 Nge7 7. Nh4 cxd4 8. Bb5
Bxb1 9. Rxb1 a6 10. Ba4 b5 11. Bc2 d3 12. Qxd3 Nxe5 13. Qg3 N7g6 14. Nxg6 Nxg6
15. h4 Qb8 16. f4 Bd6 17. O-O Qd8 18. h5 Qh4 19. Qxh4 Nxh4 20. Be3 O-O 21. g4
e5 22. Rbd1 exf4 23. Bxf4 Bxf4 24. Rxf4 g5 25. Rf2 Rad8 26. Bb3 Kg7 27. Rxd5
Rxd5 28. Bxd5 f5 29. Be6 Rf6 30. gxf5 Kh6 31. Rd2 Nf3+ 0-1

[Event "XXVI Torneo Abierto de Collado"]
[Site "Collado Villalba"]
[Date "2010.08.25"]
[Round "6"]
[White "Bolea Jover, Jose"]
[Black "Rodriguez De Castro, Ayar"]
[Result "1/2-1/2"]
[WhiteElo "1909"]
[BlackElo "2121"]
[PlyCount "59"]
[EventDate "2010.08.20"]
[EventRounds "9"]
[EventCountry "ESP"]

1. e4 d6 2. d4 Nf6 3. Bd3 Nbd7 4. Nf3 e5 5. c3 Be7 6. O-O c6 7. Re1 a5 8. a4
Qc7 9. Qb3 Nf8 10. dxe5 dxe5 11. Be3 Be6 12. Bb6 Qd6 13. Bc4 Bxc4 14. Qxc4 c5
15. Ng5 Ne6 16. Nxe6 fxe6 17. Qb5+ Nd7 18. Bxa5 b6 19. Na3 Rxa5 20. Nc4 Rxb5
21. Nxd6+ Bxd6 22. axb5 Bb8 23. c4 Ke7 24. Red1 Nf6 25. f3 Rd8 26. Rxd8 Kxd8
27. Kf2 Kc8 28. Ke3 Bd6 29. Ra8+ Bb8 30. b3 1/2-1/2

[Event "XXVI Torneo Abierto de Collado"]
[Site "Collado Villalba"]
[Date "2010.08.25"]
[Round "6"]
[White "De La Fuente Gonzalez, Francisc"]
[Black "Hernandez Yanez, Javier"]
[Result "1-0"]
[WhiteElo "2240"]
[BlackElo "1955"]
[PlyCount "105"]
[EventDate "2010.08.20"]
[EventRounds "9"]
[EventCountry "ESP"]

1. c4 Nf6 2. Nc3 g6 3. g3 Bg7 4. Bg2 O-O 5. Nf3 d6 6. O-O e5 7. d3 c6 8. c5 Ne8
9. cxd6 Nxd6 10. Bg5 f6 11. Qb3+ Kh8 12. Be3 Re8 13. Na4 Be6 14. Qc2 Nd7 15. b4
Nf5 16. Bd2 Rc8 17. Nc5 Nxc5 18. bxc5 Nd4 19. Nxd4 exd4 20. Rab1 b5 21. a4 a6
22. Bf4 Bd5 23. Bh3 f5 24. Rfe1 g5 25. Bd6 g4 26. Bf1 Be5 27. Bxe5+ Rxe5 28.
Qb2 Qf6 29. Qxd4 Rd8 30. f4 Re6 31. Qxf6+ Rxf6 32. e4 Bf7 33. e5 Rg6 34. axb5
axb5 35. Rb4 Bd5 36. Ra1 Rgg8 37. Rbb1 Ra8 38. Bg2 Bxg2 39. Kxg2 Kg7 40. d4 Kf7
41. Rxa8 Rxa8 42. d5 Ra2+ 43. Kg1 cxd5 44. Rxb5 d4 45. Rb4 d3 46. Rd4 d2 47.
Kf1 d1=Q+ 48. Rxd1 Rxh2 49. Rd6 Rc2 50. c6 h5 51. Rh6 Kg7 52. Rxh5 Rxc6 53.
Rxf5 1-0

[Event "XXVI Torneo Abierto de Collado"]
[Site "Collado Villalba"]
[Date "2010.08.25"]
[Round "6"]
[White "Madurga Lopez, Ignacio"]
[Black "Sanz Castillo, Santiago"]
[Result "0-1"]
[WhiteElo "2024"]
[BlackElo "2228"]
[PlyCount "51"]
[EventDate "2010.08.20"]
[EventRounds "9"]
[EventCountry "ESP"]

1. e4 e6 2. d4 d5 3. Nc3 Bb4 4. Nge2 dxe4 5. a3 Be7 6. g4 Bd7 7. Ng3 Bc6 8. Bg2
e3 9. Bxc6+ Nxc6 10. fxe3 Nf6 11. Qf3 Nd5 12. Bd2 Bh4 13. O-O-O Qf6 14. Qg2
Bxg3 15. Qxg3 O-O-O 16. g5 Qg6 17. Rhe1 Rhe8 18. Re2 Nb6 19. b3 e5 20. Be1 exd4
21. exd4 Rxe2 22. Nxe2 Qe4 23. Qd3 Qe7 24. h4 Qxa3+ 25. Kb1 Kb8 26. Qxh7 0-1

[Event "XXVI Torneo Abierto de Collado"]
[Site "Collado Villalba"]
[Date "2010.08.25"]
[Round "6"]
[White "Pena Aumar, Nicolas"]
[Black "Serrano Martinez, Francisco Jos"]
[Result "1/2-1/2"]
[WhiteElo "2083"]
[BlackElo "1985"]
[PlyCount "33"]
[EventDate "2010.08.20"]
[EventRounds "9"]
[EventCountry "ESP"]

1. e4 c5 2. Nf3 Nc6 3. d4 cxd4 4. Nxd4 g6 5. c4 Bg7 6. Be3 Nf6 7. Nc3 Ng4 8.
Qxg4 Nxd4 9. Qd1 e5 10. Nb5 O-O 11. Nxd4 exd4 12. Bxd4 Qa5+ 13. Ke2 Re8 14. f3
d5 15. Bxg7 Rxe4+ 16. Kf2 Qc5+ 17. Kg3 1/2-1/2

[Event "XXVI Torneo Abierto de Collado"]
[Site "Collado Villalba"]
[Date "2010.08.25"]
[Round "6"]
[White "Perez De Villar Munoz, Eusebio"]
[Black "Rodriguez De Robles, Ignacio"]
[Result "1/2-1/2"]
[WhiteElo "2038"]
[BlackElo "1941"]
[PlyCount "104"]
[EventDate "2010.08.20"]
[EventRounds "9"]
[EventCountry "ESP"]

1. e4 g6 2. d4 Bg7 3. Nf3 d6 4. Bd3 Nf6 5. O-O O-O 6. h3 e5 7. dxe5 dxe5 8. Nc3
Qe7 9. Bg5 c6 10. Qd2 Nbd7 11. Rad1 Qe6 12. Bh6 b5 13. Bxg7 Kxg7 14. a3 h6 15.
Qe3 Nb6 16. Be2 Nh5 17. Qc5 Nf4 18. Qxe5+ Qxe5 19. Nxe5 Na4 20. Bf3 Nxb2 21.
Rd6 Re8 22. Nd3 Nc4 23. Rxc6 Nxd3 24. cxd3 Nxa3 25. Rc7 b4 26. Na4 a5 27. e5
Rb8 28. Bd5 Be6 29. Bxe6 Rxe6 30. d4 Rd8 31. Nc5 Rb6 32. e6 b3 33. Rxf7+ Kg8
34. d5 Rxd5 35. Nxb3 Rxb3 36. Rc1 Rb1 37. Rxb1 Nxb1 38. Rb7 Nc3 39. Rb8+ Kg7
40. e7 Rd1+ 41. Kh2 Re1 42. e8=Q Rxe8 43. Rxe8 a4 44. Re3 Nb5 45. Re5 Nc3 46.
Rc5 Ne4 47. Rc4 Nxf2 48. Rxa4 Nd3 49. Kg3 Nc5 50. Ra5 Ne6 51. Kf3 Kf6 52. h4
Nd4+ 1/2-1/2

[Event "XXVI Torneo Abierto de Collado"]
[Site "Collado Villalba"]
[Date "2010.08.25"]
[Round "6"]
[White "Sanchez Garcia, Manuel"]
[Black "Rodriguez Gomez, Vicente"]
[Result "1-0"]
[WhiteElo "2002"]
[BlackElo "2026"]
[PlyCount "79"]
[EventDate "2010.08.20"]
[EventRounds "9"]
[EventCountry "ESP"]

1. Nc3 e5 2. e4 Nf6 3. f4 d5 4. fxe5 Nxe4 5. Nf3 Bg4 6. d3 Nxc3 7. bxc3 Be7 8.
Be2 O-O 9. O-O f6 10. Nd4 Bxe2 11. Qxe2 Re8 12. Qg4 f5 13. Nxf5 Bc5+ 14. d4 Qd7
15. Nh6+ Kh8 16. Nf7+ Kg8 17. e6 Rxe6 18. dxc5 Rg6 19. Qh4 Nc6 20. Ng5 h6 21.
Nf3 Re8 22. Re1 Rf8 23. Kh1 Qf5 24. Bd2 Qxc2 25. Re2 Qd3 26. Re3 Qc2 27. Qe1
Rgf6 28. Re8 Qd3 29. Rxf8+ Rxf8 30. Qe3 Qc2 31. Qe6+ Kh8 32. Qxd5 Rd8 33. Qb3
Rxd2 34. Nxd2 Qxd2 35. Qxb7 Qxc3 36. Rf1 Qxc5 37. Qxc7 Qd5 38. Qc8+ Kh7 39.
Qf5+ Qxf5 40. Rxf5 1-0

[Event "XXVI Torneo Abierto de Collado"]
[Site "Collado Villalba"]
[Date "2010.08.25"]
[Round "6"]
[White "Tevar Sanz, Gonzalo"]
[Black "Martin Martin, Luis Vicente"]
[Result "0-1"]
[WhiteElo "1887"]
[BlackElo "2067"]
[PlyCount "56"]
[EventDate "2010.08.20"]
[EventRounds "9"]
[EventCountry "ESP"]

1. d4 Nf6 2. Bf4 c5 3. e3 d5 4. c3 Nc6 5. Bd3 Qb6 6. Qb3 Qa5 7. Qa3 Qd8 8. dxc5
e5 9. Bg5 Be7 10. b4 O-O 11. Ne2 Be6 12. Qb2 Nd7 13. Bxe7 Qxe7 14. Bb5 f5 15.
Nd2 a6 16. Bxc6 bxc6 17. Nb3 Qg5 18. g3 Qg4 19. O-O-O Qc4 20. Na5 Qb5 21. f4
Nxc5 22. Qc2 Ne4 23. fxe5 c5 24. Nf4 cxb4 25. Nxe6 Rfc8 26. c4 Qxa5 27. Rxd5
Qa3+ 28. Kb1 Nc3+ 0-1